Cívica ; educación média : (Registro nro. 10060)

Detalles MARC
000 -LEADER
fixed length control field 01556nam a22003497a 4500
001 - CONTROL NUMBER
control field 00340
003 - CONTROL NUMBER IDENTIFIER
control field DO-SdBNP
005 - DATE AND TIME OF LATEST TRANSACTION
control field 20180313102444.0
007 - PHYSICAL DESCRIPTION FIXED FIELD--GENERAL INFORMATION
fixed length control field 00340
008 - FIXED-LENGTH DATA ELEMENTS--GENERAL INFORMATION
fixed length control field 160510b dr 2000 00| 0 spa d
020 ## - INTERNATIONAL STANDARD BOOK NUMBER
International Standard Book Number 848261326X
040 ## - CATALOGING SOURCE
Original cataloging agency BPMSU
Language of cataloging spa
Transcribing agency BPMSU
092 ## - LOCALLY ASSIGNED DEWEY CALL NUMBER (OCLC)
Classification number 373.832
Item number M828c 1er. 2000
100 1# - MAIN ENTRY--PERSONAL NAME
Personal name Morales, Marcos
245 1# - TITLE STATEMENT
Title Cívica ; educación média :
Remainder of title deberes y derechos de los dominicanos; 1er. curso / primer ciclo/
Statement of responsibility, etc. Marcos Morales ; dirección editorial Obdulia García de Escobar ; editora Margarita Castro Catrain
260 ## - PUBLICATION, DISTRIBUTION, ETC. (IMPRINT)
Place of publication, distribution, etc. Santo Domingo :
Name of publisher, distributor, etc. Santillana,
Date of publication, distribution, etc. 2000.
300 ## - PHYSICAL DESCRIPTION
Extent 119 p. :
Other physical details il. ;
Dimensions 28 cm.
500 ## - GENERAL NOTE
General note Edición anotada para el profesor
500 ## - GENERAL NOTE
General note 1er. curso/primer ciclo
505 ## - FORMATTED CONTENTS NOTE
Title La dignidad humana --
-- Las personas y el derecho --
-- Las personas y las instituciones --
-- Las instituciones y sus normas --
-- El trabajo, una necesidad, un derecho --
-- La salud entre la familia y el estado --
-- La escuela y el aprendizaje --
-- Los movimientos sociales.
650 #4 - SUBJECT ADDED ENTRY--TOPICAL TERM
Topical term or geographic name as entry element EDUCACIÓN CÍVICA
General subdivision ENSEÑANZA BÁSICA
650 #4 - SUBJECT ADDED ENTRY--TOPICAL TERM
Topical term or geographic name as entry element EDUCACIÓN CÍVICA
General subdivision ESTUDIOS Y EJERCICIOS
650 #4 - SUBJECT ADDED ENTRY--TOPICAL TERM
Topical term or geographic name as entry element EDUCACIÓN CÍVICA
General subdivision LIBROS DE TEXTOS
650 #4 - SUBJECT ADDED ENTRY--TOPICAL TERM
Topical term or geographic name as entry element EDUCACIÓN CÍVICA
General subdivision EDUCACIÓN SECUNDARIA
650 #4 - SUBJECT ADDED ENTRY--TOPICAL TERM
Topical term or geographic name as entry element EDUCACIÓN SECUNDARIA
Geographic subdivision REPÚBLICA DOMINICANA
700 12 - ADDED ENTRY--PERSONAL NAME
Personal name García de Escobar, Obdulia,
Relator term ed.
700 12 - ADDED ENTRY--PERSONAL NAME
Personal name Castro Catrain, Margarita,
Relator term ed.
910 ## - USER-OPTION DATA (OCLC)
User-option data Validado. Control de calidad MFF
942 ## - ADDED ENTRY ELEMENTS (KOHA)
Source of classification or shelving scheme Dewey Decimal Classification
Koha item type Libros
945 ## - LOCAL PROCESSING INFORMATION (OCLC)
a inventariado, 2018 / dg
956 ## - LOCAL ELECTRONIC LOCATION AND ACCESS (OCLC)
Host name BTAVÁREZ
Access number 10
Compression information 20160510
Path 00340
Existencias
Withdrawn status Lost status Source of classification or shelving scheme Damaged status Not for loan Collection code Home library Current library Date acquired Source of acquisition Total Checkouts Full call number Barcode Date last seen Price effective from Koha item type Copy number
    Dewey Decimal Classification     Colección Escolar Biblioteca Pública Metropolitana Salomé Ureña Biblioteca Pública Metropolitana Salomé Ureña 05/10/2016 FUNDI   373.832 M828c 1er. 2000 BPMSU16050203 05/10/2016 05/10/2016 Libros  
    Dewey Decimal Classification     Colección Escolar Biblioteca Pública Metropolitana Salomé Ureña Biblioteca Pública Metropolitana Salomé Ureña 05/10/2016 FUNDI   373.832 M828c 1er. 2000 BPMSU16050204 05/10/2016 05/10/2016 Libros ej. 2
    Dewey Decimal Classification     Colección Escolar Biblioteca Pública Metropolitana Salomé Ureña Biblioteca Pública Metropolitana Salomé Ureña 05/10/2016 FUNDI   373.832 M828c 1er. 2000 BPMSU16050205 05/10/2016 05/10/2016 Libros ej. 3